00874 2200325 4500001002100000005001500021035002000036007000300056008004100059020002200100082001100122084001700133100002800150245012300178260004600301300003100347650001100378700002300389700002300412990001200435990001200447990001100459990001200470990001100482990001100493990001100504990001100515990001100526990001100537INLIS00000000000201420180530093736 a0010-0518000084ta180530 g 0 ind  a978-602-03-1160-9 a701.15 a701.15 SIT k0 aSITUMORANG, Marquella L1 aKreasi Tanpa Batas Happy Loom! + Step By Step /cMarquella L. Situmorang, Althea Rosendriya; editor, Intarina Hardiman aJakarta :bGramedia Pustaka Utama,c[s.a] a85 hlm. :bilus. ;c23 cm. aKREASI0 aALTHEA, Rosendriya0 aINTARINA, Hardiman a16760 a a16760 b a16760b a16760 a a16760a a16760b a16760b a16760a a16760a a16760b